|
|
|
|
| LEADER |
00000nam0a2200000 4500 |
| 001 |
27924 |
| 005 |
20231101205826.0 |
| 010 |
|
|
|a 5267000256
|
| 035 |
|
|
|a (RuTPU)RU\TPU\book\28179
|
| 035 |
|
|
|a BOOK00028254
|
| 090 |
|
|
|a 27924
|
| 100 |
|
|
|a 20011209d1999 m y0rusy50 ca
|
| 101 |
1 |
|
|a rus
|c ita
|
| 102 |
|
|
|a RU
|
| 105 |
|
|
|a y z 000ab
|
| 200 |
1 |
|
|a Стихотворения. Письма
|f Б. Микеланджело
|
| 210 |
|
|
|a СПб.
|c Азбука
|d 1999
|
| 215 |
|
|
|a 250 с.
|
| 600 |
|
0 |
|a Микеланджело Буонарроти
|c итальянский скульптор
|c живописец
|c архитектор
|c поэт
|f 1475 - 1564
|2 stltpui
|3 (RuTPU)RU\TPU\pers\1034
|9 457
|
| 610 |
1 |
|
|a стихотворения
|
| 610 |
1 |
|
|a письма
|
| 675 |
|
|
|a 85
|v 3
|
| 700 |
|
0 |
|a Микеланджело Буонарроти
|c итальянский скульптор
|c живописец
|c архитектор
|c поэт
|f 1475 - 1564
|2 stltpui
|3 (RuTPU)RU\TPU\pers\1034
|9 457
|
| 801 |
|
0 |
|a RU
|b 63413507
|c 20011209
|g PSBO
|
| 801 |
|
2 |
|a RU
|b 63413507
|c 20050214
|g PSBO
|
| 942 |
|
|
|c BK
|